Capitals of Europe on a map - Statistics

General Stats
  • This quiz has been taken 30 times
  • The average score is 36 of 45
Answers on the Map
Answers color-coded by a green-red scale on the quiz's map according to % correct below.
 
Answer Stats
Capital % Correct
Berlin
100%
Dublin
100%
Moscow
100%
Paris
100%
Rome
100%
Brussels
96%
London
96%
Amsterdam
93%
Copenhagen
93%
Lisbon
93%
Luxembourg
93%
Madrid
93%
Oslo
93%
Vatican City
93%
Warsaw
93%
Budapest
89%
Helsinki
89%
Kiev
89%
Monaco
89%
Reykjavik
89%
Stockholm
89%
Vienna
89%
Athens
86%
Prague
86%
San Marino
86%
Bern
82%
Riga
79%
Sofia
79%
Tallinn
79%
Zagreb
79%
Bucharest
75%
Minsk
75%
Tirana
71%
Andorra la Vella
64%
Belgrade
64%
Bratislava
64%
Vilnius
64%
Sarajevo
61%
Chișinău
54%
Pristina
54%
Skopje
50%
Vaduz
50%
Valletta
50%
Ljubljana
46%
Podgorica
39%
No matching quizzes found
Score Distribution
Percent of People with Each Score
Percentile by Number Answered
Your Score History
You have not taken this quiz